000 00523 a2200157 4500
999 _c5673
_d5673
020 _a0471103489
050 0 0 _aTK 7870 SHU 1996
100 1 _aShur, Michael
_eauthor
245 1 0 _aIntroduction to electronic devices /
_cMichael Shur
264 _aNew York:
_bJohn Wiley and Sons,
_c1996
300 _a577 p. :
_bill. ;
500 _aIncludes bibliographical references and index
504 _aIncludes bibliographical references and index
650 0 _aElectronic apparatus and appliances.
942 _2lcc
_cBK
_h7870
_iSHU
_kTK